000 00657nam a22002657a 4500
999 _c3803
_d234307
020 _a9506791546
080 _a343.988+ 341.4 N 397
100 _aNeuman, Elìas
245 _aVictimologìa Supranacional
_bel acoso a la soberanìa
260 _aBuenos Aires
_bUniversidad
_c1995
300 _a220 P.
650 _xvictimologia
650 _xNaciones Unidas
650 _xO E A
650 _xdrogas
650 _xmarihuana
650 _xcocaina
650 _xsecuestro de personas
650 _xempresas trasnacionales
650 _xD E A
650 _xley Torricelli
650 _xGuantànamo
942 _6_
945 _acd
_d2015-04-28